[Event "CZE-chT2C 2223"]
[Site "Czech Republic"]
[Date "2023.03.26"]
[Round "11.8"]
[White "Sedy, Pavel"]
[Black "Kalab, Jaromir"]
[Result "1-0"]
[WhiteElo "2151"]
[BlackElo "1729"]
[PlyCount "97"]
[EventDate "2022.10.16"]
[EventType "team-tourn"]
[EventRounds "11"]
[EventCountry "CZE"]
[SourceTitle "EXT 2024"]
[Source "ChessBase"]
[SourceDate "2023.10.10"]
[SourceVersion "1"]
[SourceVersionDate "2023.10.10"]
[SourceQuality "1"]
[WhiteTeam "Vysehrad"]
[BlackTeam "Praha DDM"]
[WhiteTeamCountry "CZE"]
[BlackTeamCountry "CZE"]

1. e4 e5 2. Nf3 Nc6 3. Bb5 d6 4. d4 exd4 5. Nxd4 Bd7 6. Nc3 a6 7. Nxc6 bxc6 8. Bc4 Nf6 9. Qe2 a5 10. e5 dxe5 11. Qxe5+ Be7 12. Bf4 0-0 13. Qxc7 Re8 14. 0-0-0 a4 15. Qxd8 Bxd8 16. a3 Bf5 17. f3 h6 18. g4 Be6 19. Bxe6 fxe6 20. Be5 Ra5 21. Rhe1 Kf7 22. Rd4 Nd5 23. Nxa4 Bg5+ 24. Kb1 Bf6 25. Bxf6 gxf6 26. Rc4 Rb8 27. Kc1 c5 28. Nc3 Nb6 29. Rce4 e5 30. f4 Nd7 31. fxe5 Nxe5 32. h3 c4 33. Rf4 Rc8 34. a4 Kg6 35. Rf5 Rac5 36. Ne4 R5c6 37. Nxf6 Rxf6 38. Rexe5 Ra6 39. a5 c3 40. b4 Rb8 41. Rb5 Re8 42. Kb1 Rd6 43. Rb6 Rxb6 44. axb6 Rb8 45. Rb5 Kf6 46. Ka2 Ke6 47. Kb3 Kd6 48. Kxc3 Kc6 49. Rh5 1-0